[Event "CHN-chN (Women)"]
[Site "Jiangmen"]
[Date "2018.07.18"]
[Round "1"]
[White "Zhang, Lanlin"]
[Black "Xiong, Yinian"]
[Result "1-0"]
[WhiteElo "2199"]
[BlackElo "1538"]
[PlyCount "67"]
[EventDate "2018.07.18"]
[EventType "swiss"]
[EventRounds "11"]
[EventCountry "CHN"]
[SourceTitle "CBM 185 Extra"]
[Source "ChessBase"]
[SourceDate "2018.07.29"]
[SourceVersion "1"]
[SourceVersionDate "2018.07.29"]
[SourceQuality "1"]

1. e4 c5 2. Nf3 Nc6 3. d4 cxd4 4. Nxd4 d6 5. Nc3 Bd7 6. Be2 Nf6 7. 0-0 g6 8. Be3 Bg7 9. Kh1 0-0 10. Nb3 a6 11. a4 Rc8 12. f4 Kh8 13. Rb1 Ne8 14. Nd5 e6 15. Nb6 Rb8 16. c4 Ne7 17. Qd2 Bc6 18. Bf3 Nc8 19. a5 Nxb6 20. axb6 f5 21. exf5 Bxf3 22. Rxf3 gxf5 23. c5 d5 24. Qe2 Qc8 25. Rc1 Qc6 26. Bg1 Bf6 27. Na5 Qa4 28. Nxb7 Rxb7 29. c6 Rb8 30. c7 Nxc7 31. Rxc7 Bg7 32. Rg3 Rg8 33. Rcxg7 Rxg7 34. Qe5 1-0